Catálogo del Archivo Eduardo Dato en la Real Academia de la Historia : (Record no. 195004)
[ view plain ]
| 000 -LEADER | |
|---|---|
| campo de control de longitud fija | 02319nam a2200361 i 4500 |
| 001 - NÚMERO DE CONTROL | |
| campo de control | 195004 |
| 003 - IDENTIFICADOR DE NÚMERO DE CONTROL | |
| campo de control | SpMaBN |
| 005 - FECHA Y HORA DE LA ÚLTIMA TRANSACCIÓN | |
| campo de control | 20250903094533.0 |
| 008 - DATOS DE LONGITUD FIJA--INFORMACIÓN GENERAL | |
| campo de control de longitud fija | 240523m2022 sp | |||| 001 0 spa |
| 015 ## - NÚMERO DE BIBLIOGRAFÍA NACIONAL | |
| Número de bibliografía nacional | MON22 |
| 017 ## - NÚMERO DE COPYRIGHT O DE DEPÓSITO LEGAL | |
| Número de copyright o de depósito legal | M 30684-2022 |
| Agencia que asigna | Oficina Depósito Legal Madrid |
| 020 ## - NÚMERO INTERNACIONAL ESTÁNDAR DEL LIBRO | |
| Número Internacional Estándar del Libro | 9788415069959 |
| 040 ## - FUENTE DE CATALOGACIÓN | |
| Centro catalogador/agencia de origen | SpMaBN |
| Lengua de catalogación | spa |
| Centro/agencia transcriptor | SpMaBN |
| Normas de descripción | rda |
| 080 ## - NÚMERO DE LA CLASIFICACIÓN DECIMAL UNIVERSAL | |
| Número de la Clasificación Decimal Universal | 930.255(460.271) |
| 100 ## - ENTRADA PRINCIPAL--NOMBRE DE PERSONA | |
| Nombre de persona | Arranz Notario, Luis |
| 9 (RLIN) | 236645 |
| Término indicativo de función/relación | Autor |
| 245 10 - MENCIÓN DEL TÍTULO | |
| Título | Catálogo del Archivo Eduardo Dato en la Real Academia de la Historia : |
| Resto del título | Volumen I / |
| Mención de responsabilidad, etc. | Luis Arranz Notario, académico correspondiente |
| 264 #1 - PRODUCCIÓN, PUBLICACIÓN, DISTRIBUCIÓN, FABRICACIÓN Y COPYRIGHT | |
| Producción, publicación, distribución, fabricación y copyright | Madrid : |
| Nombre del de productor, editor, distribuidor, fabricante | Real Academia de la Historia, |
| Fecha de producción, publicación, distribución, fabricación o copyright | [2022-] |
| 300 ## - DESCRIPCIÓN FÍSICA | |
| Extensión | volúmenes <1> (470 páginas) ; |
| Dimensiones | 31 cm |
| 336 ## - TIPO DE CONTENIDO | |
| Término de tipo de contenido | Texto |
| Fuente | rdacontent |
| 337 ## - TIPO DE MEDIO | |
| Nombre/término del tipo de medio | sin mediación |
| Fuente | rdamedia |
| 338 ## - TIPO DE SOPORTE | |
| Nombre/término del tipo de soporte | volumen |
| Fuente | rdacarrier |
| 500 ## - NOTA GENERAL | |
| Nota general | Índices |
| 520 ## - RESUMEN, ETC. | |
| Sumario, etc. | Inventario de la correspondencia política entre Eduardo Dato y la Familia Real, ministros, diputados y senadores en las dos últimas décadas de la Restauración.<br/><br/>El archivo de Eduardo Dato fue depositado en la Real Academia de la Historia a finales de 1971 por el V duque de Dato, don Eduardo Espinosa de los Monteros y Español. Don Jesús Pabón, el entonces director de la corporación, encomendó el trabajo de organizarlo a Carlos Seco Serrano, quien fue elegido académico de número de esta Real Academia en 1977.<br/><br/>En este trabajo previo de ordenación y clasificación provisional se ha basado la labor de descripción exhaustiva e identificación de cada documento que ofrece este Catálogo a cargo del académico correspondiente Luis Arranz, que pone a disposición del público investigador y de toda persona interesada uno de los fondos más importantes de este periodo histórico. |
| 600 #0 - PUNTO DE ACCESO ADICIONAL DE MATERIA--NOMBRE DE PERSONA | |
| Nombre de persona | Dato, Eduardo, |
| Fechas asociadas al nombre | 1856-1921- |
| Subdivisión general | Archivo- |
| Subdivisión de forma | Catálogos |
| 9 (RLIN) | 236646 |
| 610 #0 - PUNTO DE ACCESO ADICIONAL DE MATERIA--NOMBRE DE ENTIDAD CORPORATIVA | |
| Nombre de entidad corporativa o nombre de jurisdicción como elemento de entrada | Real Academia de la Historia (España)- |
| Unidad subordinada | Archivo- |
| Subdivisión de forma | Catálogos |
| 9 (RLIN) | 236647 |
| 655 #7 - TERMINO DE INDIZACIÓN--GENERO/FORMA | |
| Datos o término principal de género/forma | Catálogos de archivos |
| Fuente del término | |
| 9 (RLIN) | 236648 |
| 852 ## - LOCALIZACIÓN | |
| Ubicación | ES-MaACL |
| Ubicación en estantería | Depósito J |
| Número de control de estantería | N-9895 |
| Encuadernación | Encuadernación cartoné |
| Donativo/Legado | Donación: Editorial |
| Designación de la unidad física | Volumen I |
| itemnumber | 205813 |
| 942 ## - ELEMENTOS DE ENTRADA SECUNDARIOS (KOHA) | |
| Tipo de ítem Koha | Libro impreso |
| Suprimir en OPAC | No |
| Estatus retirado | Estado de pérdida | Fuente del sistema de clasificación o colocación | Estado de daño | No para préstamo | Biblioteca de origen | Biblioteca actual | Ubicación en estantería | Fecha de adquisición | Fuente de adquisición | Total de préstamos | Signatura topográfica completa | Código de barras | Visto por última vez | Precio de reemplazo | Tipo de ítem Koha |
|---|---|---|---|---|---|---|---|---|---|---|---|---|---|---|---|
| Clasificación decimal universal | Biblioteca del Ateneo de Madrid | Biblioteca del Ateneo de Madrid | Depósito J | 25/05/2025 | Donación | N-9895 | 101230160 | 25/05/2025 | 25/05/2025 | Libro impreso |
